Lessons from the private finance initiative in the UK (Record no. 75881)

MARC details
000 -LEADER
fixed length control field 01077cab a2200205 4500
001 - CONTROL NUMBER
control field L130918
008 - FIXED-LENGTH DATA ELEMENTS--GENERAL INFORMATION
fixed length control field 050919n2005 000 0 eng u
035 ## - SYSTEM CONTROL NUMBER
System control number (Sirsi) u130918
041 0# - LANGUAGE CODE
Language code of text/sound track or separate title eng
100 1# - MAIN ENTRY--PERSONAL NAME
Personal name Dixon, Timothy
245 00 - TITLE STATEMENT
Title Lessons from the private finance initiative in the UK
260 ## - PUBLICATION, DISTRIBUTION, ETC.
Date of publication, distribution, etc. 2005
490 #0 - SERIES STATEMENT
Series statement Journal of Property Investment and Finance
Volume/sequential designation 23(5) 2005, 412-423(11)
520 ## - SUMMARY, ETC.
Summary, etc. This paper summarises the main research findings from a detailed, qualitative set of structured interviews and case studies of private finance initiative (PFI) schemes in the UK, which involve the construction of built facilities. The research which was funded by the Foundation for the Built Environment, examines the emergence of PFI in the UK. Benefits and problems in the PFI Process are investigated. Best practice, the key critical factors for success, and lessons for the future are also analysed. [Taken from journal abstract.]
590 ## - LOCAL NOTE (RLIN)
Local note IKA270905
690 ## - LOCAL SUBJECT ADDED ENTRY--TOPICAL TERM (OCLC, RLIN)
Topical term or geographic name as entry element Procurement
9 (RLIN) 6260
700 1# - ADDED ENTRY--PERSONAL NAME
Personal name Pottinger, Gaye
700 1# - ADDED ENTRY--PERSONAL NAME
Personal name Jordan, Alan
942 ## - ADDED ENTRY ELEMENTS (KOHA)
Suppress in OPAC 0
Holdings
Withdrawn status Lost status Source of classification or shelving scheme Damaged status Not for loan Home library Current library Shelving location Date acquired Total Checkouts Full call number Barcode Date last seen Copy number Price effective from Koha item type
    Dewey Decimal Classification     London London Journal article 19/09/2005   L130918 130918-1001 06/08/2019 1 06/08/2019 Journal article